| 000 | 00755nam a2200229 a 4500 | ||
|---|---|---|---|
| 005 | 20140310183605.0 | ||
| 008 | 120609s19uu xx 00 eng d | ||
| 020 | _a9780071325769 | ||
| 050 |
_aHG 4910 _b.Sa257 2011 |
||
| 100 | _aSaunders, Anthony | ||
| 245 |
_aFinancial markets and institutions. / _cAnthony Saunders and Marcia Millon Cornett. |
||
| 250 | _a4th ed., International ed. | ||
| 260 |
_aBoston, United States : _bIrwin/McGraw-Hill, _c2011. |
||
| 300 |
_a697 p. : _bill. ; _c25 cm. |
||
| 500 | _aIncludes index | ||
| 521 | _aBSA | ||
| 650 |
_aFinancial institutions _xUnites States _xManagement |
||
| 650 |
_aFinancial services industry _xUnited States |
||
| 700 | _aCornett, Marcia Millon | ||
| 942 |
_cBK _2lcc _kFOR |
||
| 999 |
_c25160 _d25160 |
||